00716nam a22002057a 4500003000400000005001700004008004100021022001300062040000900075050003100084245020200115250001100317260004600328300002300374440001100397500002000408700002100428700002400449800003700473OSt20230728111032.0140902b xxu||||| |||| 00| 0 eng d a08550832 cWIUC aKRX19.A3.G34(1982-83 pt.1) aThe Ghana law reports 1982-83 part 1:cases determined by the high court, the court of Appeal and the supreme court of the republic of Ghana /cedited by S.Y. Bimpong-Buta and assited by I.K. Agbosu aPart 1 aAccra:bCouncil for Law Reporting,c1993. axi,796 p. :c25cm. vVol. 1 aIncludes index. aSankah, D. R. K. aBimpong-Buta, S. Y. aBimpong-Buta, S.Y.aAgbosu, I.K.